[Event "NOR North-ch"]
[Site "Tromsoe"]
[Date "2015.05.22"]
[Round "4"]
[White "Notkevich, Benjamin Arvola"]
[Black "Rolvag, Mikael"]
[Result "1/2-1/2"]
[WhiteElo "2289"]
[BlackElo "2103"]
[PlyCount "132"]
[EventDate "2015.05.22"]
[EventType "swiss"]
[EventRounds "6"]
[EventCountry "NOR"]
[SourceTitle "EXT 2024"]
[Source "ChessBase"]
[SourceDate "2023.10.10"]
[SourceVersion "1"]
[SourceVersionDate "2023.10.10"]
[SourceQuality "1"]

1. d4 Nf6 2. c4 e6 3. g3 Bb4+ 4. Bd2 Qe7 5. Bg2 Nc6 6. Nf3 Bxd2+ 7. Nbxd2 d6 8. 0-0 a5 9. Rc1 0-0 10. Nb1 e5 11. Nc3 Bg4 12. Re1 Rfe8 13. Nd5 Qd8 14. dxe5 dxe5 15. Nd2 Nd7 16. Ne4 Be6 17. Qd2 h6 18. Red1 Qb8 19. Nec3 Nb4 20. Nxb4 axb4 21. Nb5 Rxa2 22. Qxb4 Ra6 23. c5 Nf6 24. Rd2 Bd7 25. Rcd1 Bc6 26. e4 b6 27. Nc3 bxc5 28. Qxc5 Qa7 29. Qc4 Qb7 30. Nd5 Nxd5 31. exd5 Bb5 32. Qc3 Rd6 33. Re1 f6 34. Be4 Re7 35. Ra1 Be8 36. Qf3 g6 37. Qg4 Kg7 38. h4 h5 39. Qe2 f5 40. Bg2 Bf7 41. Qc4 e4 42. Qd4+ Kh7 43. Ra5 Qb6 44. Qc3 e3 45. Ra8 Bg8 46. fxe3 Rxe3 47. Qa5 Qxa5 48. Rxa5 Rxg3 49. Kf2 Rg4 50. Rc2 Rxh4 51. Rxc7+ Kh6 52. Rb5 Rd4 53. Ke3 Bxd5 54. Kxd4 Bxg2+ 55. Ke5 Rd2 56. Rb4 Kg5 57. Rb6 h4 58. Rh7 Re2+ 59. Kd4 h3 60. b4 Re4+ 61. Kd3 Rh4 62. Rxg6+ Kxg6 63. Rxh4 Kg5 64. Rh8 Kf4 65. Ke2 Ke5 66. Kf2 Kd5 1/2-1/2

[Event "NOR North-ch"]
[Site "Tromsoe"]
[Date "2015.05.22"]
[Round "6"]
[White "Rolvag, Mikael"]
[Black "Royset, Pal"]
[Result "0-1"]
[WhiteElo "2103"]
[BlackElo "2239"]
[PlyCount "64"]
[EventDate "2015.05.22"]
[EventType "swiss"]
[EventRounds "6"]
[EventCountry "NOR"]
[SourceTitle "EXT 2024"]
[Source "ChessBase"]
[SourceDate "2023.10.10"]
[SourceVersion "1"]
[SourceVersionDate "2023.10.10"]
[SourceQuality "1"]

1. c4 e5 2. g3 Nc6 3. Bg2 g6 4. Nc3 Bg7 5. d3 d6 6. e3 Be6 7. Nge2 Qd7 8. h3 Rb8 9. Rb1 a6 10. b3 b5 11. Nd5 bxc4 12. dxc4 f5 13. f4 Nf6 14. Nec3 Nh5 15. Ne2 0-0 16. 0-0 Nd8 17. Kh2 c6 18. Ndc3 Nb7 19. Qd2 Qc7 20. Bb2 Rbd8 21. Rfd1 Rfe8 22. Rbc1 a5 23. Na4 Nf6 24. Nec3 Bc8 25. Ba3 h5 26. Qf2 Bh6 27. Qf3 Bd7 28. Kh1 g5 29. Rc2 g4 30. Qf1 h4 31. Ne2 hxg3 32. Bc1 gxh3 0-1

[Event "Hastings Masters op 90th"]
[Site "Hastings"]
[Date "2015.01.04"]
[Round "7"]
[White "Rolvag, Mikael"]
[Black "Jackson, James P"]
[Result "0-1"]
[WhiteElo "2191"]
[BlackElo "2356"]
[PlyCount "100"]
[EventDate "2014.12.29"]
[EventType "swiss"]
[EventRounds "9"]
[EventCountry "ENG"]
[SourceTitle "CBM 164 Extra"]
[Source "ChessBase"]
[SourceDate "2015.03.02"]
[SourceVersion "1"]
[SourceVersionDate "2015.03.02"]
[SourceQuality "1"]

1. c4 Nf6 2. Nc3 g6 3. g3 Bg7 4. Bg2 0-0 5. e4 d6 6. Nge2 c5 7. 0-0 Nc6 8. a3 Ne8 9. Rb1 a5 10. d3 Nc7 11. Be3 Rb8 12. a4 b6 13. h3 Bb7 14. Kh2 Na6 15. Nb5 Nab4 16. f4 Re8 17. Qd2 Qd7 18. Rbd1 Ba6 19. g4 Nd4 20. Nexd4 cxd4 21. Bf2 Bxb5 22. axb5 Rbc8 23. Be1 Qc7 24. b3 Qc5 25. Rf3 h6 26. h4 e6 27. Qb2 Rc7 28. g5 hxg5 29. hxg5 f6 30. gxf6 Bxf6 31. Bh3 Rh7 32. Qg2 Kf7 33. e5 Be7 34. Qg4 Qc8 35. Bxb4 axb4 36. Ra1 Rh4 37. Qg2 Qb8 38. Kg1 dxe5 39. fxe5+ Kg7 40. Bxe6 Qxe5 41. Bd5 Rf8 42. Rxf8 Bxf8 43. Be4 Qf4 44. Qf2 Qg5+ 45. Bg2 Bd6 46. Qf3 Bh2+ 47. Kh1 Bg3+ 48. Kg1 Rf4 49. Qe2 Bf2+ 50. Kf1 Be3+ 0-1

[Event "Hastings Masters op 90th"]
[Site "Hastings"]
[Date "2015.01.03"]
[Round "6"]
[White "Gregory, Stephen J"]
[Black "Rolvag, Mikael"]
[Result "0-1"]
[WhiteElo "2056"]
[BlackElo "2191"]
[PlyCount "80"]
[EventDate "2014.12.29"]
[EventType "swiss"]
[EventRounds "9"]
[EventCountry "ENG"]
[SourceTitle "CBM 164 Extra"]
[Source "ChessBase"]
[SourceDate "2015.03.02"]
[SourceVersion "1"]
[SourceVersionDate "2015.03.02"]
[SourceQuality "1"]

1. e4 c5 2. f4 d5 3. exd5 Qxd5 4. Nc3 Qd8 5. Nf3 Nf6 6. Bc4 e6 7. 0-0 Be7 8. d3 0-0 9. Bd2 Nc6 10. a3 Bd7 11. Ne5 Nd4 12. Ne2 Be8 13. c3 Nf5 14. b4 Nd5 15. Qc1 Rc8 16. g4 Nd6 17. Bxd5 exd5 18. bxc5 Rxc5 19. Be3 Ra5 20. f5 Ra4 21. Nf4 Nb5 22. Nf3 Bf6 23. d4 Be7 24. f6 Bxf6 25. Nh5 Ra6 26. Ra2 Be7 27. a4 Nd6 28. g5 Ne4 29. Qe1 f6 30. gxf6 Bxf6 31. Ng3 Nxg3 32. Qxg3 Bg6 33. Ne5 Be4 34. Rf4 Bxe5 35. Rxf8+ Qxf8 36. Qxe5 Rg6+ 37. Bg5 h6 38. h4 hxg5 39. Rf2 gxh4+ 40. Kf1 Bd3+ 0-1